| 000 | 00578nam a2200193 a 4500 | ||
|---|---|---|---|
| 005 | 20240208063620.0 | ||
| 008 | 161021s1976 ag r 000 0 spa d | ||
| 035 | _aUPN01000214087 | ||
| 049 | _aCG | ||
| 050 | 4 |
_aBF199 _bCH6.2 |
|
| 100 | 1 |
_aChomsky, Noam, _d1928- |
|
| 245 | 1 | 0 |
_aCrĂtica al conductismo de Skinner / _cNoam Chomsky. |
| 260 |
_aBuenos Aires : _bCuervo, _c1976. |
||
| 300 | _a54 p. | ||
| 650 | 4 |
_aConductismo (PsicologĂa) _97930 |
|
| 600 | 1 | 4 |
_aSKINNER, BURRHUS FREDERIC, _d1904-1990 - _xCRITICA E INTERPRETACION _925772 |
| 905 | _aLibro | ||
| 999 |
_c186187 _d186187 |
||